[Event "Bad Woerishofen op"]
[Site "?"]
[Date "2000.??.??"]
[Round "5"]
[White "Heinig, Wolfram"]
[Black "Hilbig, Olaf"]
[Result "1-0"]
[WhiteElo "2287"]
[BlackElo "2234"]
[PlyCount "83"]
[EventDate "2000.??.??"]

1. d4 Nf6 2. c4 d6 3. Nc3 g6 4. e4 Bg7 5. Be2 O-O 6. Bg5 h6 7. Be3 e5 8. d5 Kh7
9. h4 Na6 10. h5 g5 11. g4 Nc5 12. f3 a5 13. Nh3 Nfd7 14. Nf2 Bf6 15. Kf1 Be7
16. Kg2 b6 17. Qc2 Nb8 18. a3 Nba6 19. Rab1 Bd7 20. b4 Nb7 21. Rhc1 axb4 22.
axb4 Ra7 23. Qb2 Nb8 24. Ra1 Rxa1 25. Rxa1 Qc8 26. Ra7 Kg7 27. Bd1 Bd8 28. Ba4
c6 29. Ra8 cxd5 30. Bxd7 Qxd7 31. Rxb8 d4 32. Bxd4 exd4 33. Nd5 f6 34. Qxd4 Rf7
35. Ne3 Kh7 36. Qd5 f5 37. gxf5 Bf6 38. Neg4 Bc3 39. Nd3 Kg7 40. Qe6 Qxe6 41.
fxe6 Re7 42. Ne3 1-0

[Event "Bad Woerishofen op"]
[Site "?"]
[Date "2000.??.??"]
[Round "8"]
[White "Heinig, Wolfram"]
[Black "Kjetsae, Johnny"]
[Result "1-0"]
[WhiteElo "2287"]
[BlackElo "2122"]
[PlyCount "119"]
[EventDate "2000.??.??"]

1. d4 Nf6 2. c4 c5 3. Nf3 e6 4. Nc3 cxd4 5. Nxd4 Bb4 6. Bd2 Qb6 7. e3 O-O 8.
Be2 Nc6 9. Nb3 Bxc3 10. Bxc3 Ne4 11. Rc1 f5 12. O-O d6 13. Bf3 Nxc3 14. Rxc3
Ne5 15. Be2 Rd8 16. Qd4 Qc7 17. c5 Nf7 18. cxd6 Qxd6 19. Qxd6 Rxd6 20. Rfc1 Rd8
21. Rc7 Kf8 22. h3 a5 23. Bf3 Nd6 24. Rd1 Ra6 25. Nc5 Rb6 26. Bxb7 Rxb7 27.
Nxb7 Bxb7 28. Rxd6 Rxd6 29. Rxb7 Rd1+ 30. Kh2 Rd2 31. Kg3 a4 32. Kf3 h6 33. g4
fxg4+ 34. hxg4 Kg8 35. Kg3 Kh7 36. Rb4 a3 37. bxa3 Rxa2 38. Ra4 Kg6 39. Ra7 Kf6
40. a4 Ra1 41. a5 Ra2 42. a6 Ra1 43. Ra8 Ra4 44. Kf3 g6 45. Kg3 Kg7 46. f3 e5
47. e4 Ra3 48. Kf2 Ra2+ 49. Ke3 Ra3+ 50. Ke2 Ra2+ 51. Kd3 h5 52. gxh5 gxh5 53.
a7 h4 54. Re8 Rxa7 55. Rxe5 Ra3+ 56. Ke2 Kg6 57. Rb5 h3 58. Kf2 Ra1 59. Kg3 Rh1
60. Rb2 1-0

[Event "Bad Woerishofen op"]
[Site "Bad Woerishofen"]
[Date "2000.??.??"]
[Round "1"]
[White "Hilbig, Olaf"]
[Black "Schweitzer, Paul"]
[Result "1-0"]
[WhiteElo "2234"]
[BlackElo "1690"]
[PlyCount "67"]
[EventDate "1998.03.05"]
[Source "ChessBase"]
[SourceDate "1998.04.29"]

1. Nc3 c6 2. d4 d5 3. e4 e6 4. Nf3 Nf6 5. e5 Ng4 6. Bd3 b5 7. O-O a5 8. a3 Bb7
9. Ng5 h5 10. f4 Qb6 11. Be2 Ba6 12. f5 Nxe5 13. Kh1 Ng4 14. fxe6 f6 15. Nf7
Rg8 16. h3 Ra7 17. hxg4 hxg4 18. Bxg4 b4 19. Ne2 c5 20. Re1 bxa3 21. Rxa3 c4
22. Rf3 Bb4 23. c3 Be7 24. Nf4 Bb7 25. Bh5 g6 26. Nxg6 Qb3 27. Qd2 Bc8 28. Nh6
Rxg6 29. Bxg6+ Kd8 30. Qf4 Qb6 31. Nf7+ Ke8 32. Rh3 Bf8 33. Qxf6 Qc7 34. Nd6#
1-0

[Event "Bad Woerishofen op"]
[Site "?"]
[Date "2000.??.??"]
[Round "3"]
[White "Hilbig, Olaf"]
[Black "Krotofil, Kurt"]
[Result "1-0"]
[WhiteElo "2150"]
[BlackElo "1923"]
[PlyCount "87"]
[EventDate "2000.??.??"]

1. Nc3 c5 2. d4 cxd4 3. Qxd4 Nc6 4. Qh4 d5 5. Bg5 Qa5 6. Bd2 e5 7. e4 dxe4 8.
Bc4 Nd4 9. O-O-O Ne7 10. Qxe4 Qc5 11. Bd3 Bd7 12. Nf3 Bc6 13. Qxe5 Qxe5 14.
Nxe5 Bxg2 15. Rhg1 Bh3 16. Be3 Ndc6 17. Nc4 Ng6 18. Nb5 O-O-O 19. Nxa7+ Nxa7
20. Bxa7 Nf4 21. Rg3 Be6 22. Bf1 Rxd1+ 23. Kxd1 Be7 24. Bb6 g6 25. Kc1 Kb8 26.
Bd4 f6 27. a4 Rd8 28. c3 Rd5 29. Re3 Bd8 30. b4 Rh5 31. h3 Bd7 32. b5 Bxh3 33.
Bxh3 Rxh3 34. Re8 Kc7 35. Bb6+ Kd7 36. Rxd8+ Ke7 37. Ne3 Rf3 38. Rh8 h5 39. a5
Ke6 40. Nd1 Nd3+ 41. Kd2 Ne5 42. Ke2 Rf4 43. Bd4 Re4+ 44. Ne3 1-0

[Event "Bad Woerishofen op"]
[Site "?"]
[Date "2000.??.??"]
[Round "4"]
[White "Hilbig, Olaf"]
[Black "Lipinski, Fabian"]
[Result "1/2-1/2"]
[WhiteElo "2234"]
[BlackElo "2313"]
[PlyCount "44"]
[EventDate "2000.??.??"]

1. d4 d5 2. Nc3 Bf5 3. f3 Nf6 4. Bg5 Nbd7 5. Nxd5 Nxd5 6. e4 f6 7. Bh4 Be6 8.
exd5 Bxd5 9. Qd2 a5 10. a3 Bf7 11. Rd1 e5 12. dxe5 Nxe5 13. Qc3 Bd6 14. f4 Ng6
15. Bb5+ c6 16. Bxc6+ Kf8 17. Bf2 Qe7+ 18. Ne2 Nxf4 19. Bf3 Re8 20. O-O Nxe2+
21. Bxe2 Bxh2+ 22. Kxh2 Qxe2 1/2-1/2

[Event "Bad Woerishofen op"]
[Site "?"]
[Date "2000.??.??"]
[Round "7"]
[White "Hilbig, Olaf"]
[Black "Steiger, Wallfried"]
[Result "1-0"]
[WhiteElo "2234"]
[BlackElo "1890"]
[PlyCount "147"]
[EventDate "2000.??.??"]

1. d4 e6 2. Nc3 d5 3. e4 dxe4 4. Nxe4 Nf6 5. Bg5 Be7 6. Bxf6 gxf6 7. Nf3 Bd7 8.
Bd3 Bc6 9. c3 Nd7 10. Ng3 Nf8 11. Qe2 Qd7 12. O-O-O O-O-O 13. Kb1 Bd5 14. Bb5
Qd6 15. Ne4 Bxe4+ 16. Qxe4 Ng6 17. g3 Qb6 18. Bc4 Rd6 19. Bb3 Rhd8 20. Nd2 Qa6
21. Nc4 R6d7 22. f4 f5 23. Qf3 Kb8 24. h4 Bf6 25. Ne3 Ne7 26. Qh5 b5 27. Qxf7
Nd5 28. Qh5 Nxe3 29. Rde1 Nc4 30. Re2 Bxd4 31. cxd4 Rxd4 32. Bxc4 bxc4 33. Rc2
Qc6 34. Re1 Qd5 35. Qe2 Rd1+ 36. Rc1 Rd2 37. Qxc4 Qxc4 38. Rxc4 R8d6 39. Rc5
Rd1+ 40. Rxd1 Rxd1+ 41. Kc2 Rd5 42. Rc3 e5 43. fxe5 Rxe5 44. Kd3 c5 45. Kc4 a6
46. Rd3 Kc7 47. Rd5 Re4+ 48. Kxc5 f4 49. gxf4 Rxf4 50. Rh5 Rf7 51. b4 Kb8 52.
a4 Rc7+ 53. Kd4 Ka7 54. Rd5 Rb7 55. Kc4 Rc7+ 56. Kd4 Rb7 57. b5 axb5 58. axb5
Kb6 59. Ke5 Rg7 60. Kf5 Rg1 61. Rd7 Rf1+ 62. Kg5 Rg1+ 63. Kh5 Kxb5 64. Rxh7 Kc6
65. Re7 Kd6 66. Re3 Rg2 67. Kh6 Rg4 68. h5 Rg1 69. Kh7 Kd7 70. h6 Kd8 71. Re6
Rg2 72. Rg6 Ra2 73. Kg8 Ke7 74. h7 1-0

[Event "Bad Woerishofen op"]
[Site "?"]
[Date "2000.??.??"]
[Round "9"]
[White "Hilbig, Olaf"]
[Black "Probst, Joachim"]
[Result "1-0"]
[WhiteElo "2234"]
[BlackElo "1850"]
[PlyCount "65"]
[EventDate "2000.??.??"]

1. d4 Nf6 2. Nc3 d5 3. Bg5 Nbd7 4. f3 h6 5. Bh4 e6 6. e4 g5 7. Bf2 dxe4 8. fxe4
Bb4 9. Bd3 Bxc3+ 10. bxc3 c6 11. Be3 Qa5 12. Bd2 Qc7 13. Ne2 b6 14. e5 Nd5 15.
c4 Ne7 16. O-O c5 17. c3 Bb7 18. Ng3 O-O-O 19. Qe2 Rhf8 20. a4 Nc6 21. Be3
Ndxe5 22. dxe5 Nxe5 23. Be4 Ba6 24. a5 bxa5 25. Ra4 f5 26. Nxf5 exf5 27. Bxf5+
Rxf5 28. Rxf5 Qd7 29. Qc2 Qh7 30. Rxa5 Rd1+ 31. Qxd1 Qxf5 32. Rxc5+ Kb7 33.
Qd5+ 1-0

[Event "Bad Woerishofen op"]
[Site "Bad Woerishofen"]
[Date "2000.??.??"]
[Round "1"]
[White "Hipp, Hermann"]
[Black "Espig, Lutz"]
[Result "0-1"]
[WhiteElo "2032"]
[BlackElo "2402"]
[PlyCount "68"]
[EventDate "1998.03.05"]
[Source "ChessBase"]
[SourceDate "1998.04.29"]

1. c4 c5 2. Nc3 g6 3. g3 Bg7 4. Bg2 Nc6 5. Nf3 e5 6. e4 d6 7. d3 Nge7 8. O-O
O-O 9. Ng5 h6 10. Nh3 Be6 11. f4 Qd7 12. Nf2 exf4 13. Bxf4 g5 14. Bd2 Ng6 15.
Rb1 Nge5 16. Nd5 f5 17. exf5 Bxf5 18. Bc3 Rae8 19. Qd2 Nd4 20. Bxd4 cxd4 21.
Rbe1 Kh8 22. b4 Qf7 23. Ne4 Qg6 24. c5 dxc5 25. bxc5 Bg4 26. Nc7 Rc8 27. Nb5
Qa6 28. Ned6 Rxf1+ 29. Kxf1 Rxc5 30. Bxb7 Qb6 31. Nf7+ Nxf7 32. Re8+ Kh7 33.
Be4+ Bf5 34. Qf2 Qxb5 0-1

[Event "Bad Woerishofen op"]
[Site "?"]
[Date "2000.??.??"]
[Round "3"]
[White "Hipp, Hermann"]
[Black "Grotz, Stephan"]
[Result "0-1"]
[WhiteElo "2032"]
[BlackElo "2204"]
[PlyCount "82"]
[EventDate "2000.??.??"]

1. c4 f5 2. d4 Nf6 3. Nf3 e6 4. Nc3 d5 5. Bf4 c6 6. e3 Be7 7. Be2 O-O 8. Ne5
Nbd7 9. O-O Ne4 10. Nxe4 fxe4 11. Qb3 Nxe5 12. Bxe5 Bf6 13. Bg3 b6 14. f3 exf3
15. Rxf3 Bb7 16. c5 b5 17. Bd6 Be7 18. Rxf8+ Bxf8 19. Bxf8 Qxf8 20. Rf1 Qe7 21.
Bg4 a5 22. Qd1 e5 23. Qf3 exd4 24. exd4 Re8 25. Kh1 b4 26. h3 Ba6 27. Rf2 a4
28. Qf4 Bb5 29. Kh2 g6 30. Bd1 a3 31. bxa3 bxa3 32. Bc2 Bc4 33. Bb1 Rf8 34. Qg3
Rxf2 35. Qxf2 Qb7 36. Qe1 Qb8+ 37. Kg1 Qf4 38. Qe8+ Kg7 39. Qe5+ Qxe5 40. dxe5
Kf7 41. h4 Ke6 0-1

[Event "Bad Woerishofen op"]
[Site "?"]
[Date "2000.??.??"]
[Round "5"]
[White "Hipp, Hermann"]
[Black "Kuempers, Ulrich"]
[Result "1/2-1/2"]
[WhiteElo "2032"]
[BlackElo "2210"]
[PlyCount "56"]
[EventDate "2000.??.??"]

1. c4 Nf6 2. Nc3 d6 3. g3 e5 4. Bg2 g6 5. e4 Bg7 6. Nge2 Be6 7. d3 Qd7 8. Nd5
h6 9. O-O Nh7 10. f4 c6 11. Ne3 Bh3 12. f5 Bxg2 13. Kxg2 Na6 14. Rb1 h5 15. b4
h4 16. Ng4 d5 17. Ng1 hxg3 18. hxg3 gxf5 19. exf5 f6 20. Nh6 O-O-O 21. b5 Nc5
22. Be3 d4 23. Bc1 cxb5 24. Rxb5 Qc6+ 25. Qf3 Nxd3 26. Ng4 e4 27. Qe2 Qxc4 28.
Rb1 Nf4+ 1/2-1/2

[Event "Bad Woerishofen op"]
[Site "?"]
[Date "2000.??.??"]
[Round "2"]
[White "Hoennekes, Klaus"]
[Black "Seifert, Frank"]
[Result "1-0"]
[WhiteElo "2092"]
[BlackElo "1788"]
[PlyCount "93"]
[EventDate "2000.??.??"]

1. e4 d6 2. f4 Nf6 3. Nc3 g6 4. Nf3 Bg7 5. d3 O-O 6. Be2 c5 7. O-O Nc6 8. Kh1
Bg4 9. h3 Bxf3 10. Bxf3 Nd4 11. Be3 Nxf3 12. Qxf3 Qc7 13. g4 e6 14. f5 Nd7 15.
Rae1 exf5 16. gxf5 Nf6 17. Bg5 h6 18. Bxf6 Bxf6 19. Nd5 Qd8 20. Re2 Kg7 21. c3
g5 22. Rg2 Kh7 23. Qh5 Bh8 24. f6 Qd7 25. Rxg5 Rg8 26. Rxg8 Rxg8 27. Rg1 Rxg1+
28. Kxg1 Qe8 29. c4 Qg8+ 30. Kf2 Qg6 31. Qf5 h5 32. Kf3 Kh6 33. Ne7 Qxf5+ 34.
Nxf5+ Kg5 35. Nxd6 Bxf6 36. Nxb7 Bd4 37. b3 Kh4 38. Kg2 Kg5 39. Nd6 f6 40. Kf3
a6 41. Nf5 Be5 42. h4+ Kg6 43. Ke2 Kf7 44. d4 cxd4 45. Kd3 Ke6 46. Nxd4+ Kd6
47. b4 1-0

[Event "Bad Woerishofen op"]
[Site "?"]
[Date "2000.??.??"]
[Round "4"]
[White "Hoennekes, Klaus"]
[Black "Eschle, Hubert"]
[Result "1/2-1/2"]
[WhiteElo "2092"]
[BlackElo "1783"]
[PlyCount "105"]
[EventDate "2000.??.??"]

1. e4 c5 2. Nc3 Nc6 3. g3 g6 4. Bg2 Bg7 5. d3 d6 6. f4 Nh6 7. h3 f5 8. Nf3 O-O
9. O-O Nf7 10. Kh2 Rb8 11. Be3 b6 12. Nh4 Nd4 13. exf5 gxf5 14. Bxd4 Bxd4 15.
Qh5 e6 16. Rae1 Nh8 17. g4 Bf6 18. g5 Bg7 19. Rg1 Bd7 20. Bh1 Be8 21. Qe2 Bf7
22. Bf3 Ng6 23. Nxg6 hxg6 24. h4 d5 25. h5 Qd6 26. Kg3 Rbe8 27. hxg6 Bxg6 28.
Qh2 Kf7 29. Kg2 a6 30. Rh1 d4 31. Ne2 Rh8 32. Qg1 e5 33. Rxh8 Rxh8 34. Ng3 exf4
35. Ne2 Qe7 36. Bd5+ Kf8 37. Nxf4 Qxg5+ 38. Kf3 Bh5+ 39. Nxh5 Qxh5+ 40. Kf2 Bh6
41. Qg2 Be3+ 42. Kf1 f4 43. Qf3 Qg5 44. Qg2 Qf6 45. Ke2 Rh5 46. Bf3 Rg5 47. Qh3
Qf5 48. Qh6+ Rg7 49. Qd6+ Re7 50. Qh6+ Kg8 51. Rh1 Rh7 52. Bd5+ Kh8 53. Qxh7+
1/2-1/2

[Event "Bad Woerishofen op"]
[Site "?"]
[Date "2000.??.??"]
[Round "6"]
[White "Hoennekes, Klaus"]
[Black "Liszka, Guenter"]
[Result "1-0"]
[WhiteElo "2092"]
[BlackElo "1770"]
[PlyCount "83"]
[EventDate "2000.??.??"]

1. e4 c5 2. Nc3 Nc6 3. g3 g6 4. Bg2 Bg7 5. d3 d6 6. f4 e6 7. Nf3 Nge7 8. O-O
O-O 9. Be3 Rb8 10. Rb1 b6 11. Bf2 Bb7 12. g4 f5 13. Ng5 Bc8 14. gxf5 exf5 15.
Qd2 h6 16. Nf3 Be6 17. a3 a6 18. Rfe1 Qd7 19. Rbd1 d5 20. exd5 Nxd5 21. Rxe6
Nxc3 22. Rde1 Ne4 23. dxe4 Qxe6 24. exf5 Qc8 25. Nh4 Nd4 26. Nxg6 Qd8 27. Qd3
Nxf5 28. Qxa6 Re8 29. Ne5 Bxe5 30. Qc4+ Kh8 31. fxe5 Rg8 32. Kh1 Nd4 33. Bg3
Nf5 34. Bf2 Qd2 35. Qf1 Rg5 36. Re2 Qd8 37. e6 Qe8 38. e7 Rg7 39. Bg3 Rc8 40.
Qxf5 Rf7 41. Qg6 Rxe7 42. Qf6+ 1-0

[Event "Bad Woerishofen op"]
[Site "Bad Woerishofen"]
[Date "2000.??.??"]
[Round "1"]
[White "Hofmann, Juergen"]
[Black "Wollsdorf, Friedrich"]
[Result "1-0"]
[WhiteElo "2200"]
[BlackElo "1773"]
[PlyCount "65"]
[EventDate "1998.03.05"]
[Source "ChessBase"]
[SourceDate "1998.04.29"]

1. e4 c5 2. d4 cxd4 3. c3 d5 4. cxd4 dxe4 5. Nc3 Bf5 6. Qb3 b6 7. Bf4 e6 8. Nb5
Na6 9. Qa4 Bb4+ 10. Kd1 Kf8 11. Qxa6 e5 12. Bxe5 Ne7 13. Rc1 Ng6 14. Bc7 Qd7
15. Qb7 Rd8 16. Qc6 Ne7 17. Qc4 Nd5 18. Bxd8 Qxd8 19. Nxa7 e3 20. Nc6 Qd6 21.
Nxb4 Nxb4 22. fxe3 g5 23. Qc7 Qg6 24. Nf3 Kg7 25. Qe5+ Qf6 26. Qxf6+ Kxf6 27.
a3 Nd5 28. Kd2 Re8 29. Ne5 g4 30. Bc4 Be4 31. Rhf1+ Kg5 32. Nxf7+ Kh4 33. Nd6
1-0

[Event "Bad Woerishofen op"]
[Site "?"]
[Date "2000.??.??"]
[Round "3"]
[White "Hofmann, Juergen"]
[Black "Schiff, Armin"]
[Result "1-0"]
[WhiteElo "2200"]
[BlackElo "2045"]
[PlyCount "79"]
[EventDate "2000.??.??"]

1. e4 e5 2. Nf3 d6 3. d4 Nd7 4. Bc4 Be7 5. c3 Ngf6 6. Nbd2 O-O 7. O-O c6 8. Bb3
Qc7 9. Re1 Ne8 10. Nf1 g6 11. Ne3 Ndf6 12. Qd3 Ng7 13. dxe5 dxe5 14. Nc4 Rd8
15. Qe2 Nd7 16. Ng5 Nc5 17. Nxf7 Nxb3 18. Nh6+ Kh8 19. axb3 Be6 20. Ng4 b5 21.
Ncxe5 Bd6 22. f4 Nh5 23. Be3 Rf8 24. Bd4 Ng7 25. g3 Bxb3 26. Ra6 c5 27. Be3
Rab8 28. Rea1 Rb7 29. Rc6 Qe7 30. Raa6 Rd8 31. Qf2 Ne8 32. Bxc5 Bxc5 33. Qxc5
Rd1+ 34. Kg2 Qxc5 35. Rxc5 Rd2+ 36. Kh3 Rd8 37. f5 gxf5 38. exf5 Bd1 39. f6 h5
40. Nf2 1-0

[Event "Bad Woerishofen op"]
[Site "?"]
[Date "2000.??.??"]
[Round "5"]
[White "Hofmann, Juergen"]
[Black "Wallhof, Dieter"]
[Result "1/2-1/2"]
[WhiteElo "2200"]
[BlackElo "2060"]
[PlyCount "73"]
[EventDate "2000.??.??"]

1. e4 Nf6 2. e5 Nd5 3. d4 d6 4. Nf3 Bg4 5. c4 Nb6 6. exd6 cxd6 7. Nc3 Nc6 8.
Be3 e6 9. h3 Bh5 10. g4 Bg6 11. Bd3 Be7 12. Bxg6 hxg6 13. d5 exd5 14. cxd5 Ne5
15. Qe2 Nxg4 16. Bxb6 axb6 17. O-O-O Nf6 18. Rhe1 Rh5 19. Rd3 Kf8 20. Re3 Ng8
21. Kb1 Qd7 22. Nd4 Bf6 23. Ndb5 Re5 24. Ne4 Be7 25. Qc4 Rc8 26. Qd3 f5 27.
Nec3 Bf6 28. Nd4 Rxe3 29. Qxe3 Re8 30. Ne6+ Kf7 31. Qxb6 Bxc3 32. bxc3 Nf6 33.
Qd4 Qb5+ 34. Kc1 Qxd5 35. Ng5+ Kf8 36. Nh7+ Kf7 37. Ng5+ 1/2-1/2

[Event "Bad Woerishofen op"]
[Site "?"]
[Date "2000.??.??"]
[Round "7"]
[White "Hofmann, Juergen"]
[Black "Neubauer, Ralf"]
[Result "0-1"]
[WhiteElo "2200"]
[BlackElo "2045"]
[PlyCount "71"]
[EventDate "2000.??.??"]

1. e4 d5 2. exd5 Qxd5 3. Nc3 Qa5 4. Nf3 Nf6 5. Bc4 c6 6. O-O Bf5 7. Qe2 e6 8.
d3 Be7 9. Bf4 O-O 10. a3 Qd8 11. Rfe1 Nbd7 12. Ne4 Nb6 13. Ba2 Nfd5 14. Bg3 h6
15. Rad1 Bg4 16. c4 Nf6 17. Qe3 Rc8 18. Qf4 Bxf3 19. Qxf3 Qd4 20. b4 Rfd8 21.
Bb1 Na4 22. Bf4 Nxe4 23. Rxe4 Qf6 24. d4 Nb2 25. Rc1 Rxd4 26. Rxd4 Qxd4 27. Be3
Qe5 28. Qe2 Bg5 29. Qh5 Rd8 30. h4 Bf6 31. Qg4 h5 32. Qf3 a6 33. Bf4 Qd4 34.
Be3 Qxh4 35. Qe2 Be5 36. g3 0-1

[Event "Bad Woerishofen op"]
[Site "?"]
[Date "2000.??.??"]
[Round "9"]
[White "Hofmann, Juergen"]
[Black "Heil, Walter"]
[Result "1/2-1/2"]
[WhiteElo "2200"]
[BlackElo "2080"]
[PlyCount "121"]
[EventDate "2000.??.??"]

1. e4 d5 2. exd5 Qxd5 3. Nc3 Qa5 4. Nf3 Bg4 5. Be2 Nc6 6. O-O O-O-O 7. Nb5 Bxf3
8. gxf3 Qb4 9. c3 Qh4 10. d4 e6 11. Be3 a6 12. Na3 Bd6 13. f4 Bxf4 14. Bxf4
Qxf4 15. b4 Nf6 16. Qd3 Rd5 17. Kh1 h5 18. Qf3 Rf5 19. Qxf4 Rxf4 20. f3 Nd5 21.
Rac1 h4 22. Rg1 g6 23. Nc4 Re8 24. a4 Nce7 25. Ne5 Rg8 26. Nd3 Rf5 27. Rg4 g5
28. Rcg1 Nxc3 29. Bf1 Rxf3 30. b5 axb5 31. axb5 f5 32. R4g2 g4 33. Rc2 Ned5 34.
Nc5 Rg6 35. Bg2 Re3 36. Ra1 Kd8 37. Nxb7+ Ke7 38. Na5 h3 39. Bf1 f4 40. Nc4 Rf3
41. Ne5 Rxf1+ 42. Rxf1 Rg8 43. Rxf4 Nxf4 44. Rxc3 Nd5 45. Rc1 Ra8 46. Nxg4 Ra2
47. Ne5 Rb2 48. Kg1 Rxb5 49. Kf2 Rb3 50. Rg1 Kf6 51. Rg3 Rxg3 52. Kxg3 Kf5 53.
Kxh3 c5 54. Nc6 c4 55. Na5 c3 56. Kg3 Ke4 57. Nb3 Ne3 58. Kf2 Ng4+ 59. Ke2 Nxh2
60. Nc5+ Kd5 61. Nxe6 1/2-1/2

[Event "Bad Woerishofen op"]
[Site "?"]
[Date "2000.??.??"]
[Round "2"]
[White "Holuba, Stefan"]
[Black "Hipp, Hermann"]
[Result "0-1"]
[WhiteElo "1740"]
[BlackElo "2032"]
[PlyCount "24"]
[EventDate "2000.??.??"]

1. e4 d6 2. d4 Nf6 3. Bd3 Nc6 4. c3 e5 5. Ne2 d5 6. Ng3 exd4 7. exd5 Qxd5 8.
O-O Be7 9. Re1 Be6 10. cxd4 Qxd4 11. Nc3 O-O 12. Qc2 Nb4 0-1

[Event "Bad Woerishofen op"]
[Site "?"]
[Date "2000.??.??"]
[Round "4"]
[White "Holuba, Stefan"]
[Black "Born, Bernd-Ludger"]
[Result "0-1"]
[WhiteElo "1740"]
[BlackElo "2056"]
[PlyCount "42"]
[EventDate "2000.??.??"]

1. e4 e6 2. d4 d5 3. Nc3 dxe4 4. Nxe4 Be7 5. Nf3 Nd7 6. Bd3 Ngf6 7. O-O O-O 8.
Ned2 b6 9. Ne5 Bb7 10. Ndf3 h6 11. Qe2 c5 12. dxc5 Nxc5 13. Bb5 Qc7 14. Bf4 Bd6
15. Rad1 Bxf3 16. gxf3 Nh5 17. Qd2 Bxe5 18. Bxe5 Qxe5 19. b4 Ne4 20. Qe2 Qg5+
21. Kh1 Nc3 0-1

[Event "Bad Woerishofen op"]
[Site "?"]
[Date "2000.??.??"]
[Round "7"]
[White "Holuba, Stefan"]
[Black "Auer, Conny"]
[Result "0-1"]
[WhiteElo "1740"]
[BlackElo "2035"]
[PlyCount "82"]
[EventDate "2000.??.??"]

1. e4 d6 2. d4 Nf6 3. Nc3 g6 4. Be2 c6 5. Nf3 Bg7 6. O-O O-O 7. Ne1 Qc7 8. f4
e5 9. dxe5 dxe5 10. Nd3 Nbd7 11. Kh1 a5 12. Qe1 b5 13. Bf3 b4 14. Nd1 c5 15.
Qg3 Bb7 16. N3f2 Ne8 17. Nh3 exf4 18. Bxf4 Be5 19. Ne3 Bxf4 20. Nxf4 Nef6 21.
Nf5 Qe5 22. Rad1 Bxe4 23. Nh6+ Kg7 24. Bxe4 Qxe4 25. Qh4 Qxc2 26. Rd3 Rae8 27.
Nf5+ Kh8 28. Nd6 Re5 29. Rh3 Kg8 30. Qg3 Re7 31. Qh4 Rb8 32. Nd5 Re6 33. Nxf6+
Nxf6 34. Nc4 h5 35. Ne3 Qxb2 36. Qg3 Rbe8 37. Nf5 Qe5 38. Qxe5 Rxe5 39. Nd6 Re1
40. Rhf3 Rxf1+ 41. Rxf1 Re6 0-1

[Event "Bad Woerishofen op"]
[Site "?"]
[Date "2000.??.??"]
[Round "8"]
[White "Holuba, Stefan"]
[Black "Laux, Dieter"]
[Result "1-0"]
[WhiteElo "1740"]
[BlackElo "1423"]
[PlyCount "43"]
[EventDate "2000.??.??"]

1. e4 e5 2. f4 exf4 3. Nf3 g5 4. Bc4 g4 5. O-O gxf3 6. Qxf3 Qf6 7. c3 c5 8. d4
cxd4 9. Bxf4 Bh6 10. Qg3 dxc3 11. bxc3 Bxf4 12. Rxf4 Qg6 13. Qf3 Nh6 14. Nd2
Nc6 15. e5 Nxe5 16. Re1 d6 17. Rf6 Qg4 18. Qd5 Be6 19. Bb5+ Ke7 20. Rxe5 Kxf6
21. Ne4+ Ke7 22. Qxd6# 1-0

[Event "Bad Woerishofen op"]
[Site "Bad Woerishofen"]
[Date "2000.??.??"]
[Round "1"]
[White "Hopfauf, Fridolin"]
[Black "Wiesbeck, Florian"]
[Result "1-0"]
[WhiteElo "2190"]
[BlackElo "1758"]
[PlyCount "89"]
[EventDate "1998.03.05"]
[Source "ChessBase"]
[SourceDate "1998.04.29"]

1. d4 d5 2. c4 c6 3. Nf3 Nf6 4. Nc3 a6 5. e3 e6 6. Bd3 Nbd7 7. O-O dxc4 8. Bxc4
b5 9. Bd3 c5 10. Qe2 Bb7 11. a3 Bd6 12. Rd1 Qc7 13. h3 O-O 14. e4 cxd4 15. Nxd4
Nc5 16. Bg5 Be5 17. Bc2 Rfd8 18. Qe3 h6 19. Bxf6 Bxf6 20. Nde2 Nd7 21. Bb3 Rac8
22. Rac1 Ne5 23. Nd5 Qb8 24. Rxc8 Qxc8 25. Nxf6+ gxf6 26. Rc1 Qb8 27. Qxh6 Ng6
28. Bxe6 Bxe4 29. Ng3 Nf4 30. Nxe4 fxe6 31. Nxf6+ Kf7 32. Rc7+ Qxc7 33. Qh7+
Kxf6 34. Qxc7 Rd1+ 35. Kh2 Nd5 36. Qc2 Re1 37. g3 Re5 38. Kg2 Rg5 39. h4 Rg4
40. Qd2 Ke5 41. Kf3 Rd4 42. Qg5+ Kd6 43. h5 Ne7 44. h6 Rd5 45. Qg7 1-0

[Event "Bad Woerishofen op"]
[Site "?"]
[Date "2000.??.??"]
[Round "3"]
[White "Hopfauf, Fridolin"]
[Black "Mittelsteiner, Horst"]
[Result "1/2-1/2"]
[WhiteElo "2190"]
[BlackElo "2022"]
[PlyCount "74"]
[EventDate "2000.??.??"]

1. d4 d5 2. c4 c6 3. Nf3 Nf6 4. Nc3 dxc4 5. a4 Bg4 6. e3 Nbd7 7. Bxc4 e6 8. h3
Bh5 9. O-O a5 10. e4 Be7 11. Qe2 O-O 12. Rd1 Qc7 13. e5 Nd5 14. Ne4 N7b6 15.
Bb3 Nb4 16. g4 Bg6 17. Bf4 N6d5 18. Bg3 h6 19. Rac1 Qb6 20. Nd6 Rfd8 21. Ne4
Rd7 22. Nc5 Rdd8 23. Kh2 Bh7 24. h4 Bxc5 25. dxc5 Qc7 26. Nd4 Qe7 27. f4 g6 28.
g5 h5 29. Qf3 Re8 30. Ne2 Rad8 31. Bf2 Rd7 32. Ng3 Red8 33. Ne4 Qf8 34. Nf6+
Nxf6 35. exf6 Rd3 36. Rxd3 Rxd3 37. Qd1 Rxd1 1/2-1/2

[Event "Bad Woerishofen op"]
[Site "?"]
[Date "2000.??.??"]
[Round "5"]
[White "Hopfauf, Fridolin"]
[Black "Hopp, Guenter"]
[Result "1-0"]
[WhiteElo "2190"]
[BlackElo "1850"]
[PlyCount "101"]
[EventDate "2000.??.??"]

1. d4 Nf6 2. c4 e6 3. Nc3 Bb4 4. e3 O-O 5. Bd3 d6 6. Nge2 c5 7. O-O Nc6 8. Qc2
Bxc3 9. Qxc3 Qc7 10. Ng3 e5 11. dxc5 dxc5 12. b3 Rd8 13. Ba3 b6 14. Rad1 Be6
15. Bb2 Rd7 16. a3 Rad8 17. Bc2 Rxd1 18. Rxd1 Rxd1+ 19. Bxd1 Qd6 20. Bc2 Nd7
21. f4 f6 22. f5 Bf7 23. Ne4 Qe7 24. Qd2 Qd8 25. Nd6 Ndb8 26. Bc3 Ne7 27. Be4
Na6 28. Nb5 Qxd2 29. Bxd2 Be8 30. Nxa7 Nc7 31. Kf2 Bd7 32. g4 Kf7 33. a4 Ne8
34. Ba8 Nd6 35. e4 Nxc4 36. bxc4 Bxa4 37. Nb5 Bxb5 38. cxb5 Nc8 39. g5 Nd6 40.
Bd5+ Ke7 41. g6 hxg6 42. fxg6 Nxb5 43. h4 Nd6 44. h5 f5 45. h6 gxh6 46. g7
Nxe4+ 47. Bxe4 Kf7 48. Bxf5 Kxg7 49. Bd3 h5 50. Kf3 Kf6 51. Ke4 1-0

[Event "Bad Woerishofen op"]
[Site "?"]
[Date "2000.??.??"]
[Round "7"]
[White "Hopfauf, Fridolin"]
[Black "Santner, Thomas"]
[Result "1/2-1/2"]
[WhiteElo "2190"]
[BlackElo "1939"]
[PlyCount "48"]
[EventDate "2000.??.??"]

1. d4 Nf6 2. c4 g6 3. Nc3 Bg7 4. e4 d6 5. f3 O-O 6. Be3 e5 7. d5 c6 8. Qd2 cxd5
9. cxd5 Nbd7 10. Nge2 Nc5 11. Nc1 Bd7 12. Nd3 Nxd3+ 13. Bxd3 a6 14. O-O-O b5
15. Kb1 Qb8 16. Rc1 Rc8 17. Ne2 Qb7 18. Qb4 Ne8 19. Rxc8 Rxc8 20. Rc1 Rxc1+ 21.
Nxc1 Qc7 22. Nb3 Bf6 23. Qe1 Bd8 24. Qf2 Qb7 1/2-1/2

[Event "Bad Woerishofen op"]
[Site "?"]
[Date "2000.??.??"]
[Round "9"]
[White "Hopfauf, Fridolin"]
[Black "Schmitzer, Peter"]
[Result "1-0"]
[WhiteElo "2190"]
[BlackElo "2097"]
[PlyCount "55"]
[EventDate "2000.??.??"]

1. d4 Nf6 2. c4 g6 3. Nc3 Bg7 4. e4 d6 5. f3 O-O 6. Be3 Nc6 7. Qd2 e5 8. d5 Nd4
9. Nge2 Nxe2 10. Bxe2 Nh5 11. O-O-O Nf4 12. Bd3 Nxd3+ 13. Qxd3 f5 14. Rd2 a6
15. c5 dxc5 16. Bxc5 Bh6 17. Bxf8 Bxd2+ 18. Qxd2 Qxf8 19. f4 Qd6 20. Re1 Bd7
21. exf5 exf4 22. Ne4 Qe5 23. Nc5 Qxf5 24. Re7 Bc6 25. Qd4 Qf8 26. Rxc7 Rd8 27.
Ne6 Rxd5 28. Rg7+ 1-0

[Event "Bad Woerishofen op"]
[Site "?"]
[Date "2000.??.??"]
[Round "4"]
[White "Hopp, Guenter"]
[Black "Bischoff, Dieter"]
[Result "1/2-1/2"]
[WhiteElo "1850"]
[BlackElo "2188"]
[PlyCount "84"]
[EventDate "2000.??.??"]

1. d4 Nf6 2. c4 g6 3. Nc3 Bg7 4. e4 d6 5. Be2 O-O 6. Bg5 Na6 7. Qc1 e5 8. d5
Qe8 9. Bd1 Nc5 10. Bc2 a5 11. Nge2 Bd7 12. O-O Nh5 13. Ng3 Nxg3 14. fxg3 f6 15.
Be3 b6 16. Qd2 Rf7 17. h3 h5 18. Rf2 Qe7 19. Raf1 Raf8 20. Nb5 Qd8 21. b3 Nb7
22. Rf3 Kh7 23. Nc3 Qe8 24. Bd3 Nc5 25. Bc2 f5 26. Bg5 fxe4 27. Rxf7 Rxf7 28.
Rxf7 Qxf7 29. Bxe4 Bf5 30. Qe3 Bxe4 31. Nxe4 Nxe4 32. Qxe4 Bh6 33. Bxh6 Kxh6
34. Qe3+ Kg7 35. Qf3 Qf5 36. Kf2 Qc2+ 37. Qe2 Qxe2+ 38. Kxe2 Kf6 39. Kf3 Kf5
40. Ke3 g5 41. Kf3 g4+ 42. Ke3 Kf6 1/2-1/2